000 01267nam a2200361 c 4500
003 BLK
005 20180420220941.0
008 180408b bul|||||r ||||||| ||bul||
010 _aKNG00040034000
020 _a954-751-032-0
_bиздат.: Албатрос
040 _aBLK
041 _aBUL
_cBUL
080 _aРаботно време. Отпуска
_b349.235
_x(497.2)(094.5)
_z349.235(497.2)(094.5)
100 1 _aЙосифов, Никола
_eпърви автор
_9275219
139 _aЙосифов, Никола
_bИ 84
245 1 0 _aПравна уредба на отпуските в Република България
_cНикола Йосифов.
257 _aBGR
260 София
_bАлбатрос
_c2001
_fСкала
300 _a256 с.
_c20 см
380 _a3
650 4 _aОтпуски - България - правни въпроси
_9248379
650 4 _aЗаконодателство - България
_9243210
653 _aотпуски
653 _aБългария
653 _aзакони
653 _aнаредби
653 _aКодекс на труда
852 _aЦб 209915
856 4 _qpdf
_u
856 4 _qpdf
_u
942 _cKNG
_n0
944 _aCR
_c15.01.2003
_kЦветанка_Енчева
944 _aED
_c18.03.2005
_k
999 _c36914
_d36914